000 00354nam a2200133Ia 4500
008 191201s2019 xx 000 0 und d
082 _a572.3 KUB
100 _aKUMAR, N
245 0 _aBiochemistry and clinical pathology
260 _bAITBS Pub
_aNew Delhi
_c2019
300 _a241
650 _aApplied Biochemistry & Clinical Chemistry
942 _2ddc
_cBK
999 _c8199
_d8199